000 00274nam a22001337a 4500
008 170907b xxu||||| |||| 00| 0 eng d
020 _a9780077564643
041 _aeng
080 _a91
100 _a42
101 _aGJEO
245 _aGEOL I 103
_cUTSA
942 _2udc
_cBK
999 _c26685
_d26685